LIBRARY & INFORMATION CENTRE, KCAET, TAVANUR

ONLINE PUBLIC ACCESS CATALOGUE (OPAC)

Engineering geology for civil engineers / (Record no. 10333)

MARC details
000 -LEADER
fixed length control field 00471cam a2200169ua 4500
020 ## - INTERNATIONAL STANDARD BOOK NUMBER
ISBN 81 204 0987 6
041 ## - LANGUAGE CODE
Language code of text/sound track or separate title eng
082 ## - DEWEY DECIMAL CLASSIFICATION NUMBER
Classification number 551.0162
Item number RED/EN
100 ## - MAIN ENTRY--AUTHOR NAME
Personal name Reddy, Venkat D .
245 ## - TITLE STATEMENT
Title Engineering geology for civil engineers /
260 ## - PUBLICATION, DISTRIBUTION, ETC. (IMPRINT)
Place of publication New Delhi :
Name of publisher Oxford & IBH Publishing company ,
Year of publication 1997.
300 ## - PHYSICAL DESCRIPTION
Number of Pages 390 ; .
942 ## - ADDED ENTRY ELEMENTS (KOHA)
Koha item type Books
Holdings
Withdrawn status Lost status Damaged status Home library Current library Date acquired Full call number Accession Number Koha item type
      KAUAET KAUAET 07/04/2012 551.0162 RED/EN 20029 Books
free website counter